Human rights and social justice : (Record no. 59426)
[ view plain ]
| 000 -LEADER | |
|---|---|
| fixed length control field | 00866nam a2200253 a 4500 |
| 001 - CONTROL NUMBER | |
| control field | 59426 |
| 003 - CONTROL NUMBER IDENTIFIER | |
| rucl marc code | BD-RjUL |
| 005 - DATE AND TIME OF LATEST TRANSACTION | |
| control field | 20211209080728.0 |
| 008 - FIXED-LENGTH DATA ELEMENTS--GENERAL INFORMATION | |
| fixed length control field | 161224s1997 ii b 001 0 eng |
| 020 ## - INTERNATIONAL STANDARD BOOK NUMBER | |
| International Standard Book Number | 8171008488 |
| 035 ## - SYSTEM CONTROL NUMBER | |
| System control number | (BD-RjUL) 59550 |
| 040 ## - CATALOGING SOURCE | |
| Original cataloging agency | DLC |
| Transcribing agency | DLC |
| Language of cataloging | eng |
| Modifying agency | BD-RjUL |
| 041 ## - LANGUAGE CODE | |
| Language code of text/sound track or separate title | eng |
| 082 ## - DEWEY DECIMAL CLASSIFICATION NUMBER | |
| Edition number | 23 |
| Classification number | 342.54085 |
| Author mark and year | SHH 1997 |
| 100 1# - MAIN ENTRY--PERSONAL NAME | |
| Personal name | Sharma, Gokulesh, |
| Dates associated with a name | 1958- |
| 9 (RLIN) | 176732 |
| 245 10 - TITLE STATEMENT | |
| Title | Human rights and social justice : |
| Remainder of title | fundamental rights vis-a-vis directive principles / |
| Statement of responsibility, etc. | Gokulesh Sharma ; foreword by P.N. Bhagwati. |
| 260 ## - PUBLICATION, DISTRIBUTION, ETC. (IMPRINT) | |
| Place of publication, distribution, etc. | New Delhi : |
| Name of publisher, distributor, etc. | Deep & Deep Publications, |
| Date of publication, distribution, etc. | c1997. |
| 300 ## - PHYSICAL DESCRIPTION | |
| Pagination | viii, 506 p. ; |
| Size | 22 cm. |
| 504 ## - BIBLIOGRAPHY, ETC. NOTE | |
| Bibliography, etc | Includes bibliographical references (p. [497]-500) and index. |
| 650 #0 - SUBJECT ADDED ENTRY--TOPICAL TERM | |
| Topical term or geographic name as entry element | Civil rights |
| Geographic subdivision | India. |
| 9 (RLIN) | 175056 |
| Topical term or geographic name as entry element | Human rights |
| Geographic subdivision | India. |
| 9 (RLIN) | 176733 |
| Topical term or geographic name as entry element | Social justice. |
| 9 (RLIN) | 176734 |
| 942 ## - ADDED ENTRY ELEMENTS (KOHA) | |
| Source of classification or shelving scheme | Dewey Decimal Classification |
| Koha item type | Audio Visual (AV) Materials |
| Lost status | Source of classification or shelving scheme | Damaged status | Not for loan | Collection code | Permanent Location | Current Location | Shelving location | Date acquired | Source of acquisition | Cost, normal purchase price | Total Checkouts | Full call number | Date last seen | Copy number | Koha item type |
|---|---|---|---|---|---|---|---|---|---|---|---|---|---|---|---|
| Dewey Decimal Classification | Not For Loan | Non-fiction | Central Library, University of Rajshahi | Central Library, University of Rajshahi | Reading Room | 30/03/2000 | Lucky Syndicate, Dhaka | 750.00 | 342.54085 SHH 1997 | 24/12/2016 | C-1 | Audio Visual (AV) Materials |